|
|
|
|
| LEADER |
01845nam a2200517 a 4500 |
| 001 |
nkc20142648565 |
| 003 |
CZ PrNK |
| 005 |
20150325141414.0 |
| 007 |
ta |
| 008 |
150209s2014 xr acfhe 000 0bcze |
| 015 |
|
|
|a cnb002648565
|
| 020 |
|
|
|a 978-80-87898-05-5
|q (brož.)
|
| 035 |
|
|
|a (OCoLC)907521537
|
| 040 |
|
|
|a ABA001
|b cze
|
| 041 |
1 |
|
|a cze
|h ger
|
| 043 |
|
|
|a e-xr---
|
| 045 |
|
|
|a x2y1
|
| 072 |
|
7 |
|a 78.07
|x Hudebníci, skladatelé a jiná hudební povolání
|2 Konspekt
|9 9
|
| 072 |
|
7 |
|a 929
|x Biografie
|2 Konspekt
|9 8
|
| 080 |
|
|
|a 929
|2 MRF
|
| 080 |
|
|
|a 78.071.1
|2 MRF
|
| 080 |
|
|
|a (437.3)
|2 MRF
|
| 080 |
|
|
|a (092)
|2 MRF
|
| 080 |
|
|
|a (082.2)
|2 MRF
|
| 100 |
1 |
|
|a Děd, Stanislav,
|d 1945-
|7 mzk2005304344
|4 aut
|4 trl
|
| 245 |
1 |
0 |
|a V rukou tvých jsou časové moji :
|b k 90. narozeninám hudebního skladatele Antona Enderse /
|c Stanislav Děd
|
| 260 |
|
|
|a V Chomutově :
|b Oblastní muzeum,
|c 2014
|
| 300 |
|
|
|a 58 s., [101] s. obr. příl. :
|b il. (převážně barev.), portréty, faksim. ;
|c 15 cm
|
| 500 |
|
|
|a Část. přeloženo z němčiny?
|
| 500 |
|
|
|a Souběžné německé popisky k il.
|
| 500 |
|
|
|a 100 výt.
|
| 600 |
1 |
7 |
|a Enders, Anton,
|d 1923-2019
|7 xx0192577
|2 czenas
|
| 648 |
|
4 |
|a 1923-2013
|
| 648 |
|
7 |
|a 20.-21. století
|7 ch462155
|2 czenas
|
| 650 |
0 |
7 |
|a hudební skladatelé
|7 ph120923
|z Česko
|y 20.-21. století
|2 czenas
|
| 650 |
0 |
9 |
|a composers
|z Czechia
|y 20th-21st centuries
|2 eczenas
|
| 655 |
|
7 |
|a biografie
|7 fd131909
|2 czenas
|
| 655 |
|
7 |
|a jubilejní publikace
|7 fd131839
|2 czenas
|
| 655 |
|
9 |
|a biography
|2 eczenas
|
| 655 |
|
9 |
|a jubilee books
|2 eczenas
|
| 910 |
2 |
|
|a BOA001
|b S-1341.224
|
| 928 |
9 |
|
|a Oblastní muzeum v Chomutově
|
| 990 |
|
|
|a BK
|
| 995 |
|
|
|a 01
|
| 991 |
|
|
|b 201502
|c NOV
|e n
|
| 996 |
6 |
|
|b 2610620511
|c S-1341.224
|l MZK
|r Sklad / do 24 hodin
|n 0
|p p.v.
|w 001487581
|u 000010
|a 1
|e BOA001
|j MZK50
|s P
|